L'histoire de France - Statistiques

Statistiques générales
  • Ce quiz a été pris 103 fois
  • Le résultat moyen est 25 sur 84
Statistiques - réponses
Repères chronologiques Questions Réponses % Correct
Paléolithique supérieur Site emblématique de l'art préhistorique et pariétal situé en Dordogne Les grottes de Lascaux
82%
vers -600 Colonie grecque fondée par les Phocéens, principal port de la Méditerranée Massalia
75%
2015 Journal satirique victime d'un attentat islamiste perprété par les frères Kouachi Charlie Hebdo
66%
486 Roi Franc victorieux à Soisson du commandant miliaire Syagrius, "dernier des Romains" Clovis Ier
62%
2018 Mouvement social de protestation spontané à l'encontre de la politique d'Emmanuel Macron Mouvement des gilets jaunes
62%
-58/-50 Proconsul romain à la tête des campagnes militaires en Gaule, motivé par des ambitions politiques Jules César
58%
800 Sacré par le pape Léon III, à Rome, Charlemagne, roi des Francs, obtient ce titre Empereur d'Occident
55%
451 Souverain des Huns, pille Strasbourg, Metz et assiège Orléans Attila
53%
1308 Cette ville devient la résidence des papes Avignon
53%
987 Sacré roi des Francs, héritier des Robertiens et fondateur de la dynastie capétienne Hugues Capet
51%
1682 Chateau dans lequel le roi et sa cour s'installent définitivement Le chateau de Versailles
51%
1598 Edit de tolérance mettant fin aux guerres de religion promulgué par Henri IV L'édit de Nantes
51%
1894/1906 Capitaine juif d'origine alsacienne accusé de trahison et d'espionnage Alfred Dreyfus
50%
732 Bataille opposant le chef franc, Charles Martel, à l'armée d'Abd-al-Rhâman La Bataille de Poitiers
49%
1163 Début de la construction de ce monument religieux emblématique de Paris La cathédrale de Notre Dame de Paris
47%
1975 Loi encadrant la dépénalisation de l'avortement promulgué sous la présidence Giscard d'Estaing La loi Veil
47%
1348/1349 Pandémie ravageant la France lors de la guerre de Cent ans La peste noire
47%
885/886 Commerçants, pillards et guerriers scandinaves mettant le siège devant Paris Les Normands
47%
1935/1938 Figure socialiste à la tete de la coalition de Front Populaire Léon Blum
46%
1942 Des dizaines de milliers de Juifs y sont retenus suite à une rafle organisée par l'Etat français et le Reich, à Paris Vélodrome d'hiver
46%
1986/1988 Nom donné à la coexistence institutionnelle entre Mitterrand, président de gauche, et son ministre, Jacques Chirac, de droite La cohabitation
45%
2007 Dirigeant lybien ayant permis le financement de la campagne électorale de Nicolas Sarkozy Mouammar Kadhafi
45%
1307/1312 Ordre militaire et religieux victime d'une lutte entre le Pape et le roi Philippe Le Bel L'ordre du Temple
43%
1944 Le débarquement de Normandie marque le début de cette opération Opération Overlord
43%
1152 Devient reine de France avant d'etre répudiée et de se marier avec le roi d'Angleterre, Henri II Aliénor d'Aquitaine
41%
2003 Ministre des affaires étrangères dont le discours, à l'ONU, affirme le refus de la France de participer à l'invasion de l'Irak Dominique de Villepin
41%
1610 Devient régente à la mort de son mari, Henri IV Marie de Médicis
41%
1777/1781 Général français engagé aux cotés des insurgés pendant la guerre d'indépendance des Etats-Unis La Fayette
39%
1830/1904 Colonisation militaire et de peuplement de ce pays du Maghreb L'Algérie
39%
1627/1628 Cité portuaire protestante assiégé par Richelieu, sur la demande de Louis XIII La Rochelle
39%
1789 Engagement solennel d'union, entre 576 députés, pour faire tomber l'Ancien Régime Le serment du jeu de paume
37%
1792 Groupe politique à la Convention nationale, opposé aux Jacobins, avec à sa tete Maximilien Robespierre Les Montagnards
37%
843 Traité partageant l'Empire entre les trois fils de Louis Le Pieux Le Traité de Verdun
37%
1534 Navigateur et explorateur à la tete d'une expédition au nord de l'Amérique, dans l'actuel Canada Jacques Cartier
36%
1099 Prise de cette ville, suite à la première croisade menée par Godefroy de Bouillon contre les Turcs Seldjoukides Jerusalem
34%
1871 Insurrection à Paris, suite à la défaite contre la Prusse, sévèrement réprimée par le gouvernement de Versailles La Commune de Paris
34%
-43 Colonie de droit romain fondée par Lucius Munatius Plancus, sur le plateau de la Fourvière Lugdunum
34%
1270 Roi de France mort à Tunis, lors de la huitième croisade Louis IX
33%
1954 Défaite française face aux forces du Viet Minh mettant fin à la guerre d'Indochine Bataille de Dien Bien Phu
32%
754 Sacré roi des Francs par le pape Etienne II après l'expédition contre les Lombards Pépin le Bref
30%
1054 Duc de Normandie, vainqueur de la bataille de Mortemer face au roi de France Guillaume le conquérant
29%
314 Réunion de seize évèques de Gaule, sur la demande de Constantin, pour régler la question de l'hérésie donatiste Le Concile d'Arles
29%
1897 Annexion de ce pays insulaire, situé dans l'océan indien, aux larges de l'Afrique Madagascar
29%
1648/1653 Soulèvements parlementaires, aristocratiques et populaires hostiles au principal ministre, Mazarin La Fronde
28%
1804/1814 Nom donné à l'ensemble des troupes impériales de Napoléon Ier La Grande Armée
28%
-500/-450 Début de l'expansion, en Gaule, de ce groupe de populations indo-européennes Les Celtes
28%
1745/1751 Maitresse en titre de Louis XV Madame de Pompadour
28%
1812 Bataille entre l'armée française et russe marquant la fin de la campagne de Russie La bataille de la Bérézina
26%
1328 Loi estimant que les femmes ne peuvent ni transmettre ni hériter de la couronne La loi salique
26%
-177 Peuple gaulois du massif central, rattaché à la Gaule aquitaine, vaincu par les Romains à Bollène Les Arvernes
26%
1661 Surintendant des finances arretés sur ordre de Louis XIV, influencé par Jean-Baptiste Colbert Nicolas Fouquet
26%
1429 Siège durant lequel Jeanne d'Arc et son armée défont l'armée anglaise Le Siège d'Orléans
25%
418 Peuple germanique installé en Aquitaine, après avoir obtenu un foedus par l'Empire Les Wisigoths
24%
1209/1229 Hérésie chrétienne combattu par l'Eglise catholique lors de la croisade des Albigeois Le Catharisme
22%
1962 Organisation terroriste pour la présence française en Algérie, autrice d'un attentat contre Charles de Gaulle Organisation de l'Armée Secrète
22%
1588 Chefs de la Ligue catholique assassinés sur ordre d'Henri III lors des états généraux de Blois Henri de Guise et le cardinal de Guise
20%
1799 Evenement marquant la fin du Directoire et le début du Consulat Le coup d'état du 18 brumaire
20%
1914 Contre offensive alliée victorieuse contre l'armée allemande entre Paris et Verdun Bataille de la Marne
18%
1830 Révolution marquant le début de la monarchie de Juillet et mettant fin à la Seconde Restauration Trois Glorieuses
16%
1917 Offensive française menée par le général Nivelle, entre Soissons et Reims Bataille du Chemin des Dames
14%
1572 Sont massacrés lors du Massacre de la Saint Barthélémy Les Huguenots
14%
909/910 Abbaye bénedictine, symbole du renouveau monastique, fondée par Guillaume le Pieux L'abbaye de Cluny
13%
1358 Soulèvement des paysans des campagnes d'Ile de France, dans un contexte de crise du royaume de France La Grande Jacquerie
12%
1756/1763 Cet ensemble de territoires coloniaux en Amérique du nord est perdu par la France à l'issu de la guerre de 7 ans La Nouvelle-France
12%
177 Jeune esclave chrétienne martyrisée sous le règne de Marc Aurèle Sainte Blandine
12%
360/371 Célèbre saint, instigateur du monachisme en Gaule et évèque de Tours Saint Martin
12%
1859 Violente bataille, en Lombardie, opposant l'armée de Napoléon III alliés aux Sardes contre l'Empire d'Autriche Bataille de Solférino
11%
1197/1198 Chateau fort fondé par le roi Richard Coeur de Lion en Normandie Chateau-Gaillard
11%
1848 Sous son impulsion l'esclavage est aboli définitivement, lors de la Deuxième République Victor Schoelcher
11%
1370 Noble breton, connétable de France et de Castille victorieux à la bataille de Pontvallin face à l'armée anglaise Bertrand du Guesclin
9%
1407/1435 Faction favorable à la maison d'Orléans, opposée aux Bourguignons Les Armagnacs
9%
1499/1500 Duché que revendique le trone de France lors de la deuxième guerre d'Italie Le duché de Milan
8%
1716/1720 Echec de ce système financier mis en place pour liquider les dettes de l'Etat Le système Law
8%
1905 Député républicain-socialiste à l'initiative de la loi de séparation des Eglises et de l'Etat Aristide Briand
5%
567 Guerre civile opposant la Neustrie à ce royaume mérovingien du nord est de la France actuelle L'Austrasie
5%
1885/1891 Mouvement politique populiste menaçant la Trosième République Boulangisme
4%
1451 Grand argentier du royaume de France accusé de l'empoisonnement d'Agnès Sorel, favorite du roi Jacques Coeur
3%
1697 Traité mettant fin à la guerre de la ligue d'Augsbourg Le traité de Ryswick
3%
612 Hauts dignitaires francs dont le pouvoir s'étend avec l'édit de Clotaire II Les maires du palais
1%
1559 Traités mettant fin à la onzième guerre d'Italie, entre la France, le Saint Empire, l'Espagne et l'Angleterre Les traités de Catau Cambrésis
1%
1515 Vaincus lors de la bataille de Marignan face à l'armée franco-vénitienne de François Ier Mercenaires suisses
1%
1465 Coalition de grands vassaux incluant Charles le Téméraire et Charles de France, en lutte contre l'autorité de Louis XI La Ligue du Bien public
0%
-12 Ensemble architectural romain dans lequel les nations gauloises fédérées honorent le culte impérial L'autel des trois Gaules
0%
260/269 Usurpateur romain proclamé empereur des Gaules Postumus
0%
Aucun quiz correspondant
Distribution des résultats
% des personnes avec chaque résultat
Percentile par nombre de réponses
Votre historique - résultats
Vous n’avez pas pris ce quiz